• 首页
  • 本馆介绍
  • 公告通知
  • 最新文献
  • 馆藏检索
  • 电子资源
  • 读者导购
  • 参考咨询
  • 我的图书馆
  • 登录
  • 详细信息显示
  • 放入我的书架
  • 预约/预借图书
  • 作者相关作品
  • 分类相关作品
  • 丛书相关作品
  • 出版社相关作品

书目信息

  • 表格格式
  • 工作单格式
  • 卡片格式
题名:
学林漫录
    
 
作者: ;中华书局编辑部 编
分册: 第四集  
出版信息: 北京   中华书局  1985
页数: 247页
开本: 20cm
丛书名:
单 册:
中图分类: Z429.7 , I26
科图分类:
主题词: 杂文--中国--现代--选集 , 散文--中国 , 散文--作品综合集--中国
电子资源:
ISBN:
000 00706nam0 2200265 45
001 1560476666
005 20150126165339.60
010    @dCNY0.90
091    @aCN@b17018.148
100    @a19901005d1985 emky0chiy0121 ea
101 0  @achi
102    @aCN@b110000
105    @ay z 000yy
200 10 @a学林漫录@Axue lin man lu@h第四集@f中华书局编辑部编
210    @a北京@c中华书局@d1985
215    @a247页@d20cm
606    @a杂文@y中国@z现代@x选集
606 0  @a散文@x中国
606 0  @a散文@x作品综合集@x中国
690    @aZ429.7@v3
690    @aI26@v4
711 02 @a中华书局编辑部@Azhong hua shu ju bian ji bu@4编
801  0 @aCN@bTSSF@c20150126
801  2 @aCN@bNLC
905    @aZUCC@dI26@eJY33:4
    
    学林漫录.第四集/中华书局编辑部编.-北京:中华书局,1985
    247页;20cm
    
    
    ISBN :CNY0.90
    
●
相关链接 在E读中查询图书 在五车中查询图书 在当当中查询图书 在豆瓣中查询图书


正题名:学林漫录     索取号:I26/JY33:4         预约/预借

序号 登录号 条形码 馆藏地/架位号 状态 备注
1 7838845   278388451   学院路分馆/ [索取号:I26/JY33:4] 在馆    
2 7840942   278409429   学院路分馆/ [索取号:I26/JY33:4] 在馆    
唐山师范学院图书馆 欢迎您!
大连网信软件有限公司© 版权所有